000 00562nam a2200217Ia 4500
003 OSt
005 20230503114352.0
008 210423s2002 xx 000 0 und d
020 _a8120415132
040 _cAL
041 _aeng
082 _a589.222 KAUT
100 _aKAUL (T N).
_996938
245 _aBiology and conservation of mushrooms.
260 _aNew Delhi
_bOxford University Press
_c2002
300 _axviii,255
_bPB
365 _b250
_cINR
650 _aThallophyta
_996939
906 _aBiology ; conservation ; mushrooms
942 _2ddc
_cBK
999 _c163078
_d163078